[Event "Wch U20 Girls 40th"]
[Site "Gandhinagar"]
[Date "2024.06.13"]
[Round "11"]
[White "Asmita, Avijit Ray"]
[Black "Divyabharathi, Masanam"]
[Result "1/2-1/2"]
[WhiteElo "1692"]
[BlackElo "1821"]
[PlyCount "57"]
[EventDate "2024.06.02"]
[EventType "swiss"]
[EventRounds "11"]
[EventCountry "IND"]
[SourceTitle "CBM 220 Extra"]
[Source "ChessBase"]
[SourceDate "2024.07.31"]
[SourceVersion "1"]
[SourceVersionDate "2024.07.31"]
[SourceQuality "1"]

1. d4 d5 2. Nf3 Nf6 3. g3 e6 4. Bg2 Be7 5. c4 0-0 6. 0-0 dxc4 7. Qc2 a6 8. a4 Bd7 9. Rd1 Bc6 10. Nc3 Bxf3 11. Bxf3 Nc6 12. Bxc6 bxc6 13. a5 Rb8 14. Ra4 Rb4 15. Na2 Rxa4 16. Qxa4 Qb8 17. Qxc4 Qb5 18. Qxb5 cxb5 19. Be3 Rc8 20. Rc1 c6 21. Bd2 Ne4 22. Bb4 Nd6 23. Bc5 Kf8 24. Nb4 Nc4 25. Nxa6 Nxa5 26. Rc3 Nb7 27. f3 Ke8 28. Kf2 Nd6 29. e4 1/2-1/2

[Event "Wch U20 Girls 40th"]
[Site "Gandhinagar"]
[Date "2024.06.12"]
[Round "10"]
[White "Divyabharathi, Masanam"]
[Black "Pranavasri, S."]
[Result "1/2-1/2"]
[WhiteElo "1821"]
[BlackElo "1610"]
[PlyCount "87"]
[EventDate "2024.06.02"]
[EventType "swiss"]
[EventRounds "11"]
[EventCountry "IND"]
[SourceTitle "CBM 220 Extra"]
[Source "ChessBase"]
[SourceDate "2024.07.31"]
[SourceVersion "1"]
[SourceVersionDate "2024.07.31"]
[SourceQuality "1"]

1. e4 c5 2. Nf3 d6 3. d4 cxd4 4. Nxd4 Nf6 5. Nc3 a6 6. Be2 e5 7. Nb3 Be7 8. 0-0 0-0 9. Be3 Be6 10. Qd2 Nbd7 11. a4 Rc8 12. a5 Qc7 13. Rfd1 Qc6 14. Bf3 Rfd8 15. Qe1 h6 16. Nc1 Nc5 17. Nd5 Bxd5 18. exd5 Qb5 19. b3 Nh7 20. Bg4 Rb8 21. c4 Qe8 22. b4 Nd7 23. Nb3 Qf8 24. Bxd7 Rxd7 25. Bb6 Rc8 26. Qe2 f5 27. Ra2 Nf6 28. f3 Bd8 29. Bf2 e4 30. Nd4 exf3 31. gxf3 Qe8 32. Ne6 Nh7 33. Qd3 Ng5 34. Nxg5 Bxg5 35. c5 Qg6 36. Kh1 Bf4 37. Re2 Qh5 38. Bg1 Kh8 39. Rde1 Bg3 40. Rd1 Bf4 41. Rde1 Bg3 42. Rc1 Bf4 43. Rc4 Be5 44. Rc1 1/2-1/2

[Event "Wch U20 Girls 40th"]
[Site "Gandhinagar"]
[Date "2024.06.10"]
[Round "8"]
[White "Divyabharathi, Masanam"]
[Black "Kanishka, S."]
[Result "0-1"]
[WhiteElo "1821"]
[BlackElo "1882"]
[PlyCount "80"]
[EventDate "2024.06.02"]
[EventType "swiss"]
[EventRounds "11"]
[EventCountry "IND"]
[SourceTitle "CBM 220 Extra"]
[Source "ChessBase"]
[SourceDate "2024.07.31"]
[SourceVersion "1"]
[SourceVersionDate "2024.07.31"]
[SourceQuality "1"]

1. e4 c5 2. Nf3 d6 3. d4 cxd4 4. Nxd4 Nf6 5. Nc3 a6 6. Be2 e5 7. Nb3 Be7 8. 0-0 0-0 9. Be3 Be6 10. Qd2 Nbd7 11. a4 Nb6 12. a5 Nc4 13. Bxc4 Bxc4 14. Rfd1 Rc8 15. f3 Qe8 16. Nc1 d5 17. Nxd5 Nxd5 18. exd5 Bxd5 19. Bb6 Bc6 20. Nd3 f6 21. Nb4 Bxb4 22. Qxb4 Qg6 23. Rd2 Kh8 24. Ra3 Rfe8 25. Rad3 e4 26. fxe4 Bxe4 27. Rg3 Qf7 28. c3 Bc6 29. h3 Re1+ 30. Kh2 Rce8 31. Rd8 h5 32. Rxe8+ Qxe8 33. Qf4 Re4 34. Qc7 Re7 35. Qf4 Re2 36. Qc7 Qd7 37. Qb8+ Kh7 38. Bd4 Qd5 39. h4 Rxg2+ 40. Kh3 Qf5+ 0-1

[Event "Wch U20 Girls 40th"]
[Site "Gandhinagar"]
[Date "2024.06.09"]
[Round "7"]
[White "Sindhusree, K."]
[Black "Divyabharathi, Masanam"]
[Result "0-1"]
[WhiteElo "1846"]
[BlackElo "1821"]
[PlyCount "94"]
[EventDate "2024.06.02"]
[EventType "swiss"]
[EventRounds "11"]
[EventCountry "IND"]
[SourceTitle "CBM 220 Extra"]
[Source "ChessBase"]
[SourceDate "2024.07.31"]
[SourceVersion "1"]
[SourceVersionDate "2024.07.31"]
[SourceQuality "1"]

1. d4 d5 2. Nf3 Nf6 3. c4 e6 4. Nc3 Be7 5. Bg5 h6 6. Bxf6 Bxf6 7. e3 0-0 8. Qc2 b6 9. h4 g6 10. 0-0-0 Bb7 11. cxd5 exd5 12. g4 Bg7 13. h5 g5 14. Bd3 Nd7 15. Kb1 Kh8 16. Bf5 a6 17. Qb3 a5 18. Rh3 c6 19. e4 a4 20. Nxa4 dxe4 21. Bxe4 Nf6 22. Bf5 Nd5 23. Ne5 Qc7 24. Nd7 b5 25. Nac5 Rfe8 26. Bc2 Re2 27. Qd3 Rxc2 28. Qxc2 Bc8 29. Qf5 Ra7 30. Qxf7 Bxd7 31. Re1 Nf6 32. Nxd7 Qxd7 33. Qg6 Qf7 34. Qxf7 Rxf7 35. f3 Nd5 36. Re4 Nb4 37. a3 Nd3 38. Rg3 Rd7 39. Rg2 Nf4 40. Rd2 c5 41. Re8+ Kh7 42. Rb8 b4 43. axb4 cxd4 44. b5 d3 45. Ka2 Bd4 46. Kb3 Be3 47. Rd1 d2 0-1

[Event "Wch U20 Girls 40th"]
[Site "Gandhinagar"]
[Date "2024.06.04"]
[Round "3"]
[White "Grozdanovic, Anastasia"]
[Black "Divyabharathi, Masanam"]
[Result "1/2-1/2"]
[WhiteElo "2108"]
[BlackElo "1821"]
[PlyCount "121"]
[EventDate "2024.06.02"]
[EventType "swiss"]
[EventRounds "11"]
[EventCountry "IND"]
[SourceTitle "CBM 220 Extra"]
[Source "ChessBase"]
[SourceDate "2024.07.31"]
[SourceVersion "1"]
[SourceVersionDate "2024.07.31"]
[SourceQuality "1"]

1. d4 d5 2. c4 e6 3. Nc3 Nf6 4. cxd5 exd5 5. Bg5 Be7 6. e3 h6 7. Bh4 0-0 8. Bd3 c6 9. Nge2 Re8 10. 0-0 Nbd7 11. Qc2 Nb6 12. f3 c5 13. Bxf6 Bxf6 14. dxc5 Nc4 15. Bxc4 dxc4 16. Rad1 Qe7 17. Ne4 Bg5 18. Qc3 Bf5 19. N2g3 Bg6 20. Rd4 b5 21. cxb6 axb6 22. Nxg5 hxg5 23. e4 Rxa2 24. Rxc4 b5 25. Rc7 Qd6 26. Rc6 Qd7 27. Rc1 Rd8 28. h3 Qd2 29. Qxd2 Rxd2 30. Rc8+ Kh7 31. R8c2 Rxb2 32. Rxd2 Rxd2 33. Rb1 f6 34. Rxb5 Rd1+ 35. Kh2 Re1 36. Rb2 Kg8 37. Ne2 Bf7 38. Rb8+ Kh7 39. Nd4 Rd1 40. Nf5 Be6 41. Ng3 Rd2 42. Re8 Bd7 43. Re7 Kg6 44. e5 Bc6 45. Ne4 Bxe4 46. fxe4 Re2 47. exf6 Kxf6 48. Re8 Kf7 49. Ra8 Rxe4 50. Ra6 Re3 51. Kg1 Re2 52. Ra3 Kg6 53. Rf3 Rb2 54. Kh2 Ra2 55. Kg3 Rb2 56. Rc3 Rb4 57. Rc6+ Kh7 58. Rd6 Ra4 59. Rc6 Rb4 60. Rd6 Ra4 61. Rc6 1/2-1/2

[Event "IND-ch U19 Girls"]
[Site "Ahmedabad"]
[Date "2023.09.24"]
[Round "6"]
[White "Divyabharathi, Masanam"]
[Black "Rebecca, Jesumarian"]
[Result "1/2-1/2"]
[WhiteElo "1596"]
[BlackElo "1811"]
[PlyCount "81"]
[EventDate "2023.09.20"]
[EventType "swiss"]
[EventRounds "11"]
[EventCountry "IND"]
[SourceTitle "CBM 216 Extra"]
[Source "ChessBase"]
[SourceDate "2023.11.30"]
[SourceVersion "1"]
[SourceVersionDate "2023.11.30"]
[SourceQuality "1"]

1. e4 c5 2. Nf3 d6 3. d4 cxd4 4. Nxd4 Nf6 5. Nc3 a6 6. Be2 e5 7. Nb3 Be7 8. 0-0 0-0 9. Be3 Be6 10. Qd2 Nbd7 11. a4 Rc8 12. a5 Ng4 13. Bxg4 Bxg4 14. Nd5 Be6 15. Rac1 f5 16. exf5 Rxf5 17. c4 Bf8 18. f3 h5 19. Rfd1 h4 20. h3 Qe8 21. Kh1 Qh5 22. Re1 Rf7 23. Rc3 Kh8 24. Qe2 Nf6 25. Nb6 Re8 26. Nd2 Be7 27. Bg1 Qg6 28. Ne4 Nh5 29. Bh2 Bf5 30. Nd5 Bd8 31. b4 Ref8 32. Rcc1 Bg5 33. Rcd1 Bd8 34. Rd3 Bd7 35. Rc3 Bc6 36. Rd3 Bg5 37. Rdd1 Ba4 38. Rd3 Bc6 39. Rdd1 Ba4 40. Rd3 Bc6 41. Rdd1 1/2-1/2

[Event "IND-ch U19 Girls"]
[Site "Ahmedabad"]
[Date "2023.09.23"]
[Round "5"]
[White "Bhagyashree, Patil"]
[Black "Divyabharathi, Masanam"]
[Result "1/2-1/2"]
[WhiteElo "1879"]
[BlackElo "1596"]
[PlyCount "132"]
[EventDate "2023.09.20"]
[EventType "swiss"]
[EventRounds "11"]
[EventCountry "IND"]
[SourceTitle "CBM 216 Extra"]
[Source "ChessBase"]
[SourceDate "2023.11.30"]
[SourceVersion "1"]
[SourceVersionDate "2023.11.30"]
[SourceQuality "1"]

1. d4 d5 2. Nf3 Nf6 3. e3 e6 4. c4 c5 5. Nc3 Nc6 6. b3 cxd4 7. exd4 Ne4 8. Bd2 Nxd2 9. Qxd2 Bb4 10. Be2 0-0 11. 0-0 dxc4 12. bxc4 Nxd4 13. Nxd4 e5 14. a3 Ba5 15. Qc2 exd4 16. Nd5 Be6 17. Rfd1 Bxd5 18. cxd5 Qxd5 19. Bf3 Qd7 20. Qe4 Rad8 21. Rd3 b5 22. Rad1 Bb6 23. Qc6 g6 24. Qxd7 Rxd7 25. Bc6 Rc7 26. Bxb5 Rfc8 27. g3 Rc2 28. Ba4 Rb2 29. Bb3 Rc3 30. Bd5 Kg7 31. Kg2 Rb5 32. Be4 Ra5 33. Rxc3 dxc3 34. Ra1 Re5 35. Bd3 f5 36. Kf1 Kf6 37. Re1 Ra5 38. Ra1 Ke5 39. Ke2 Rc5 40. f4+ Kf6 41. Kd1 g5 42. fxg5+ Kxg5 43. Kc2 Bc7 44. Rb1 a5 45. Re1 Be5 46. Rb1 h5 47. Rb7 Bc7 48. Rb1 h4 49. gxh4+ Kxh4 50. Rf1 f4 51. Rf3 Be5 52. Bf5 Rd5 53. Rf2 Kg5 54. Bc8 Bd4 55. h4+ Kxh4 56. Rxf4+ Kg3 57. Rf1 Re5 58. Rd1 Re2+ 59. Kd3 Re8 60. Ba6 Rd8 61. Kc2 Kf3 62. Rf1+ Ke4 63. Bb7+ Ke5 64. Rh1 Rf8 65. Rh5+ Rf5 66. Rxf5+ Kxf5 1/2-1/2

[Event "Asia-ch U20 Girls"]
[Site "Jamshedpur"]
[Date "2023.09.15"]
[Round "9"]
[White "Dakshita, Kumawat"]
[Black "Divyabharathi, Masanam"]
[Result "0-1"]
[WhiteElo "1690"]
[BlackElo "1596"]
[PlyCount "52"]
[EventDate "2023.09.09"]
[EventType "swiss"]
[EventRounds "9"]
[EventCountry "IND"]
[SourceTitle "CBM 216 Extra"]
[Source "ChessBase"]
[SourceDate "2023.11.30"]
[SourceVersion "1"]
[SourceVersionDate "2023.11.30"]
[SourceQuality "1"]

1. d4 d5 2. c4 e6 3. Nc3 Nf6 4. Nf3 Be7 5. Bf4 0-0 6. e3 c5 7. cxd5 Nxd5 8. Bg3 cxd4 9. exd4 Nc6 10. Bd3 h6 11. 0-0 a6 12. Re1 Bd7 13. Bc2 Rc8 14. Nxd5 exd5 15. Qd3 g6 16. Qe3 Bg5 17. Nxg5 hxg5 18. Rac1 Re8 19. Qd2 Qf6 20. Be5 Nxe5 21. dxe5 Rxe5 22. Bb3 Rxc1 23. Rxc1 Bc6 24. h3 Qe7 25. Rd1 Re2 26. Qa5 Qe5 0-1

[Event "Asia-ch Blitz U20 Girls"]
[Site "Jamshedpur"]
[Date "2023.09.15"]
[Round "1"]
[White "Divyabharathi, Masanam"]
[Black "Sanchita, Yadav"]
[Result "1-0"]
[WhiteElo "1597"]
[BlackElo "1251"]
[PlyCount "116"]
[EventDate "2023.09.15"]
[EventType "swiss (blitz)"]
[EventRounds "9"]
[EventCountry "IND"]
[SourceTitle "CBM 216 Extra"]
[Source "ChessBase"]
[SourceDate "2023.11.30"]
[SourceVersion "1"]
[SourceVersionDate "2023.11.30"]
[SourceQuality "1"]

1. e4 e6 2. d4 d5 3. exd5 exd5 4. Nf3 Nc6 5. h3 Nf6 6. c3 Be6 7. Bd3 Bd6 8. 0-0 Qd7 9. Ng5 0-0-0 10. Nxe6 fxe6 11. b4 Rdg8 12. a4 g5 13. g3 h5 14. Kg2 e5 15. dxe5 Bxe5 16. Be3 d4 17. cxd4 Bxd4 18. Bc4 Rd8 19. Bxd4 Qxd4 20. Qxd4 Rxd4 21. Be6+ Kb8 22. b5 Nb4 23. Nc3 Rhd8 24. Bf5 h4 25. g4 Nfd5 26. Ne2 Rd2 27. Kf3 Nf6 28. Rac1 Nc2 29. Rxc2 Rxc2 30. Bxc2 Rf8 31. Bf5 Rd8 32. Ke3 Nd5+ 33. Kf3 c6 34. bxc6 bxc6 35. Rd1 Kc7 36. Nd4 Kb6 37. Nxc6 Kxc6 38. Be4 Kc5 39. Rxd5+ Rxd5 40. Bxd5 Kxd5 41. Ke3 Ke5 42. a5 a6 43. f4+ gxf4+ 44. Kf3 Kf6 45. Kxf4 Kg6 46. g5 Kh5 47. g6 Kxg6 48. Kg4 Kh6 49. Kxh4 Kg6 50. Kg4 Kh6 51. Kf5 Kh5 52. Ke6 Kh4 53. Kd6 Kxh3 54. Kc6 Kg4 55. Kb6 Kf5 56. Kxa6 Ke6 57. Kb7 Kd7 58. a6 Ke6 1-0

[Event "Asia-ch Blitz U20 Girls"]
[Site "Jamshedpur"]
[Date "2023.09.15"]
[Round "7"]
[White "Divyabharathi, Masanam"]
[Black "Sultanbek, Zeinep"]
[Result "0-1"]
[WhiteElo "1597"]
[BlackElo "2014"]
[PlyCount "98"]
[EventDate "2023.09.15"]
[EventType "swiss (blitz)"]
[EventRounds "9"]
[EventCountry "IND"]
[SourceTitle "CBM 216 Extra"]
[Source "ChessBase"]
[SourceDate "2023.11.30"]
[SourceVersion "1"]
[SourceVersionDate "2023.11.30"]
[SourceQuality "1"]

1. e4 c5 2. Nf3 d6 3. d4 cxd4 4. Nxd4 Nf6 5. Nc3 a6 6. Be2 e5 7. Nb3 Be7 8. Be3 0-0 9. 0-0 Be6 10. Qd2 Nbd7 11. a4 Nb6 12. a5 Nc4 13. Bxc4 Bxc4 14. Rfd1 Rc8 15. f3 Rc6 16. Na4 d5 17. exd5 Nxd5 18. Bf2 Qc8 19. Nb6 Nxb6 20. Bxb6 Qe6 21. Qe3 Bxb3 22. cxb3 Rc2 23. Rd2 Rfc8 24. Rad1 h6 25. h3 Bg5 26. Rd8+ Rxd8 27. Rxd8+ Bxd8 28. Bxd8 Rxb2 29. Bc7 Rxb3 30. Qd2 Rb5 31. Qd8+ Kh7 32. Qd3+ Qg6 33. Qd7 Rb1+ 34. Kh2 Rb2 35. Qg4 Qxg4 36. hxg4 f6 37. Kg3 g5 38. Kh3 Kg6 39. g3 h5 40. Bd6 hxg4+ 41. Kxg4 f5+ 42. Kh3 e4 43. fxe4 fxe4 44. Kg4 Rf2 45. Bc5 Rf5 46. Bb6 Rf3 47. Bc5 Rb3 48. Bb6 Rxb6 49. axb6 a5 0-1

[Event "Asia-ch Blitz U20 Girls"]
[Site "Jamshedpur"]
[Date "2023.09.15"]
[Round "4"]
[White "Modipalli, Deekshitha"]
[Black "Divyabharathi, Masanam"]
[Result "0-1"]
[WhiteElo "1094"]
[BlackElo "1597"]
[PlyCount "34"]
[EventDate "2023.09.15"]
[EventType "swiss (blitz)"]
[EventRounds "9"]
[EventCountry "IND"]
[SourceTitle "CBM 216 Extra"]
[Source "ChessBase"]
[SourceDate "2023.11.30"]
[SourceVersion "1"]
[SourceVersionDate "2023.11.30"]
[SourceQuality "1"]

1. d4 d5 2. c4 e5 3. dxe5 d4 4. Nf3 c5 5. e3 Nc6 6. exd4 cxd4 7. Bg5 Be7 8. Bxe7 Ngxe7 9. Bd3 Ng6 10. 0-0 Be6 11. Re1 0-0 12. a3 a5 13. Nbd2 a4 14. Ne4 Ngxe5 15. Nxe5 Nxe5 16. Ng5 Qxg5 17. Be4 Rfd8 0-1

[Event "Asia-ch U20 Girls"]
[Site "Jamshedpur"]
[Date "2023.09.14"]
[Round "8"]
[White "Divyabharathi, Masanam"]
[Black "Marium, Fatima"]
[Result "1-0"]
[WhiteElo "1596"]
[BlackElo "1715"]
[PlyCount "131"]
[EventDate "2023.09.09"]
[EventType "swiss"]
[EventRounds "9"]
[EventCountry "IND"]
[SourceTitle "CBM 216 Extra"]
[Source "ChessBase"]
[SourceDate "2023.11.30"]
[SourceVersion "1"]
[SourceVersionDate "2023.11.30"]
[SourceQuality "1"]

1. e4 e6 2. d4 d5 3. exd5 exd5 4. Nf3 Bd6 5. Bd3 Nc6 6. 0-0 Nge7 7. Re1 Bg4 8. c3 Qd7 9. Nbd2 f6 10. b4 0-0 11. Nb3 Rae8 12. Nc5 Qc8 13. Bd2 Nd8 14. h3 Bh5 15. a4 Ng6 16. Be3 Nf7 17. Be2 Bf4 18. Qd2 Bxe3 19. fxe3 b6 20. Nd3 Nd6 21. Nf2 Ne7 22. Qc1 Bg6 23. Nh4 c6 24. Nxg6 hxg6 25. Bd3 f5 26. c4 Ne4 27. Qc2 Nxf2 28. Qxf2 Rf6 29. Rac1 Qd8 30. Qf3 Kf7 31. b5 Kf8 32. bxc6 Rxc6 33. c5 bxc5 34. Bb5 c4 35. Bxc6 Nxc6 36. Rb1 Kg8 37. Rec1 Re4 38. Qg3 Kh7 39. Rf1 Qe7 40. Rf3 Qa3 41. h4 Qa2 42. Rb7 Rg4 43. Qf2 Qxa4 44. h5 Qd1+ 45. Kh2 g5 46. Rh3 Kh6 47. Qxf5 Rxg2+ 48. Kxg2 Qe2+ 49. Qf2 Qg4+ 50. Kh2 Nd8 51. Rxa7 Qe4 52. Qf8 Ne6 53. Qh8+ Qh7 54. Qxh7+ Kxh7 55. Kg3 c3 56. Rh2 g4 57. Kxg4 Nd8 58. Rc7 Kh6 59. Rxc3 Nf7 60. Rc6+ Kh7 61. Rf2 Nh6+ 62. Kg5 Ng8 63. Rf7 Kh8 64. Kg6 Nf6 65. Rf8+ Ng8 66. Rxg8+ 1-0

[Event "Asia-ch U20 Girls"]
[Site "Jamshedpur"]
[Date "2023.09.13"]
[Round "7"]
[White "Swara, Lakshmi S Nair"]
[Black "Divyabharathi, Masanam"]
[Result "1/2-1/2"]
[WhiteElo "1601"]
[BlackElo "1596"]
[PlyCount "133"]
[EventDate "2023.09.09"]
[EventType "swiss"]
[EventRounds "9"]
[EventCountry "IND"]
[SourceTitle "CBM 216 Extra"]
[Source "ChessBase"]
[SourceDate "2023.11.30"]
[SourceVersion "1"]
[SourceVersionDate "2023.11.30"]
[SourceQuality "1"]

1. e4 e5 2. Nf3 Nc6 3. d4 exd4 4. Nxd4 Bc5 5. Nb3 Bb6 6. Nc3 Nf6 7. Qe2 a5 8. a4 d6 9. Bg5 h6 10. Bh4 0-0 11. 0-0-0 Re8 12. f3 Be6 13. Bf2 Bxb3 14. cxb3 Bxf2 15. Qxf2 Qe7 16. g4 Nb4 17. h4 Qe5 18. Bc4 Qf4+ 19. Rd2 c6 20. Kb1 Red8 21. Rhd1 Qe5 22. Qg1 Ne8 23. g5 hxg5 24. hxg5 Nc7 25. f4 Qe7 26. Qh1 Qd7 27. g6 d5 28. Qh7+ Kf8 29. Qh8+ Ke7 30. Qxg7 Qe6 31. gxf7 Qxf7 32. Qxf7+ Kxf7 33. exd5 cxd5 34. Nxd5 Ncxd5 35. Bxd5+ Kf6 36. Bxb7 Rxd2 37. Rxd2 Rb8 38. Be4 Re8 39. Rd6+ Ke7 40. Rd1 Kf6 41. Bd3 Rd8 42. Bc2 Rxd1+ 43. Bxd1 Kf5 44. Kc1 Kxf4 45. Kd2 Ke4 46. Kc3 Kd5 47. Be2 Na2+ 48. Kc2 Nb4+ 49. Kd2 Kd4 50. Bc4 Nc6 51. Bb5 Nb4 52. Ke2 Na2 53. Bc4 Ke4 54. Kd2 Kd4 55. Bf7 Nb4 56. Bg6 Na2 57. Bb1 Nb4 58. Ke2 Na6 59. Kf3 Kc5 60. Bd3 Nb4 61. Ke4 Na2 62. Bc4 Nc1 63. Ke3 Kb4 64. Kd2 Nxb3+ 65. Bxb3 Kxb3 66. Kd3 Kxa4 67. Kc4 1/2-1/2

[Event "Asia-ch U20 Girls"]
[Site "Jamshedpur"]
[Date "2023.09.12"]
[Round "6"]
[White "Divyabharathi, Masanam"]
[Black "Nischala, Y."]
[Result "1-0"]
[WhiteElo "1596"]
[BlackElo "1292"]
[PlyCount "75"]
[EventDate "2023.09.09"]
[EventType "swiss"]
[EventRounds "9"]
[EventCountry "IND"]
[SourceTitle "CBM 216 Extra"]
[Source "ChessBase"]
[SourceDate "2023.11.30"]
[SourceVersion "1"]
[SourceVersionDate "2023.11.30"]
[SourceQuality "1"]

1. e4 e6 2. d4 d5 3. exd5 exd5 4. Nf3 Nf6 5. Bd3 c5 6. dxc5 Bxc5 7. 0-0 0-0 8. c3 h6 9. Nbd2 Nc6 10. Nb3 Bd6 11. h3 Re8 12. Be3 Ne4 13. Re1 Qf6 14. Nbd4 Nxd4 15. Nxd4 Qg6 16. Qf3 a6 17. Rad1 Bc7 18. Bf1 Qd6 19. g3 Qg6 20. Bg2 Bd7 21. Bf4 Bb6 22. Be3 Bc7 23. Ne2 Bc6 24. Nf4 Bxf4 25. Qxf4 Ng5 26. h4 Ne6 27. Qb4 a5 28. Qb3 d4 29. cxd4 Bxg2 30. Kxg2 Rac8 31. Qd3 Qh5 32. d5 Red8 33. Qe4 Nc5 34. Bxc5 Rxc5 35. d6 f5 36. Qe7 Rf8 37. d7 f4 38. Qxf8+ 1-0

[Event "Chennai Murali Mohan Memorial 2nd"]
[Site "Chennai"]
[Date "2023.07.16"]
[Round "8"]
[White "Divyabharathi, Masanam"]
[Black "Arjun, C Krishnamachari"]
[Result "0-1"]
[WhiteElo "1640"]
[BlackElo "2029"]
[PlyCount "68"]
[EventDate "2023.07.15"]
[EventType "swiss (rapid)"]
[EventRounds "9"]
[EventCountry "IND"]
[SourceTitle "CBM 215 Extra"]
[Source "ChessBase"]
[SourceDate "2023.09.30"]
[SourceVersion "1"]
[SourceVersionDate "2023.09.30"]
[SourceQuality "1"]

1. e4 c6 2. d4 d5 3. Nc3 dxe4 4. Nxe4 Nf6 5. Ng3 g6 6. Nf3 Bg7 7. Bc4 0-0 8. 0-0 Bg4 9. c3 Nbd7 10. h3 Bxf3 11. Qxf3 e5 12. Rd1 exd4 13. Rxd4 Qb6 14. Bb3 Nc5 15. Rb4 Qa5 16. Bc2 Nd5 17. Rh4 Qd8 18. Nf5 gxf5 19. Qh5 Nf6 20. Qxf5 Ne6 21. Be3 Re8 22. Rd1 Qe7 23. Bh6 Qc5 24. Qf3 Rad8 25. Rf1 Qd5 26. Qg3 Kf8 27. Bxg7+ Nxg7 28. Rd1 Qe6 29. Bb3 Rxd1+ 30. Bxd1 Qe1+ 31. Kh2 Qxd1 32. Rd4 Qe2 33. Qd6+ Qe7 34. Qf4 Qe5 0-1

[Event "IND-chT (Women)"]
[Site "Pollachi"]
[Date "2023.02.13"]
[Round "4.2"]
[White "Soumya, Swaminathan"]
[Black "Divyabharathi, Masanam"]
[Result "1/2-1/2"]
[WhiteElo "2308"]
[BlackElo "1639"]
[PlyCount "139"]
[EventDate "2023.02.10"]
[EventType "team-swiss"]
[EventRounds "7"]
[EventCountry "IND"]
[SourceTitle "CBM 212 Extra"]
[Source "ChessBase"]
[SourceDate "2023.03.31"]
[SourceVersion "1"]
[SourceVersionDate "2023.03.31"]
[SourceQuality "1"]
[WhiteTeam "PSPB (W)"]
[BlackTeam "Tamil Nadu (W)"]
[WhiteTeamCountry "IND"]
[BlackTeamCountry "IND"]

1. e4 e5 2. Nf3 Nc6 3. Bb5 a6 4. Ba4 Nf6 5. 0-0 Be7 6. d3 b5 7. Bb3 d6 8. c3 0-0 9. Re1 Na5 10. Bc2 c5 11. Nbd2 Re8 12. Nf1 h6 13. h3 Be6 14. d4 Qc7 15. d5 Bd7 16. b3 Bf8 17. Be3 g6 18. Qd2 Kh7 19. g4 Qc8 20. Ng3 Ng8 21. Kh2 f6 22. Rh1 Bg7 23. Raf1 Ne7 24. Nh4 Nb7 25. Ng2 Nd8 26. f3 Rf8 27. Kg1 Nf7 28. c4 Kg8 29. Nh4 Qd8 30. Bd3 b4 31. Bb1 a5 32. Ng2 Qc8 33. Qd3 a4 34. Kh2 Nd8 35. Nh4 Nf7 36. Rhg1 Qd8 37. Bc1 Kh7 38. Qc2 Kg8 39. Rf2 Kh7 40. Ng2 Qc8 41. Ne3 Qc7 42. Bb2 Bc8 43. h4 Qd7 44. Kh1 Qd8 45. Qd1 Bd7 46. Rh2 Kg8 47. Qf1 Qc8 48. Qg2 Ra7 49. Ngf5 Qe8 50. Nxg7 Kxg7 51. Qg3 g5 52. Nf5+ Bxf5 53. gxf5 Rh8 54. f4 axb3 55. axb3 Ng8 56. hxg5 hxg5 57. Rxh8 Kxh8 58. fxg5 Nxg5 59. Kg2 Rg7 60. Kf1 Qh5 61. Bc2 Qf3+ 62. Qxf3 Nxf3 63. Rh1+ Rh7 64. Rxh7+ Kxh7 65. Kf2 Ng5 66. Bc1 Nf7 67. Kg3 Ngh6 68. Kh4 Kg7 69. Kh5 Ng8 70. Kg4 1/2-1/2

[Event "IND-ch (Women) 48th"]
[Site "Hatkanangale"]
[Date "2023.01.03"]
[Round "9"]
[White "Prakash, Vaishnavi"]
[Black "Divyabharathi, Masanam"]
[Result "1/2-1/2"]
[WhiteElo "1270"]
[BlackElo "1710"]
[PlyCount "163"]
[EventDate "2022.12.26"]
[EventType "swiss"]
[EventRounds "11"]
[EventCountry "IND"]
[SourceTitle "CBM 212 Extra"]
[Source "ChessBase"]
[SourceDate "2023.03.31"]
[SourceVersion "1"]
[SourceVersionDate "2023.03.31"]
[SourceQuality "1"]

1. e4 c5 2. Nf3 Nc6 3. Bb5 g6 4. Bxc6 dxc6 5. d3 Bg7 6. Nc3 Nf6 7. h3 0-0 8. 0-0 Re8 9. Be3 b6 10. Qd2 e5 11. Ne2 Qd6 12. Ng3 Nd7 13. Bh6 Bxh6 14. Qxh6 Qf8 15. Qd2 Ba6 16. Rfe1 f6 17. Rad1 Qf7 18. b3 Nf8 19. Nh2 Ne6 20. Ng4 Qg7 21. Ne3 Rad8 22. f3 Qd7 23. Ng4 Rf8 24. Qf2 Nd4 25. Ne3 Qd6 26. Rf1 Ne6 27. Ne2 Nf4 28. Kh2 Qd7 29. Rfe1 Ne6 30. Ng3 Kh8 31. Ne2 Bc8 32. Ng1 b5 33. g3 Qc7 34. Kh1 Rde8 35. Ng2 Qg7 36. f4 Qe7 37. Re3 Qd6 38. c3 a5 39. Rd2 Rd8 40. Ree2 Rd7 41. f5 Ng7 42. g4 gxf5 43. gxf5 Rg8 44. Ne3 Nh5 45. Ng4 Nf4 46. Re3 Rdg7 47. Qh4 Rg5 48. Rd1 R8g7 49. Rg3 Rh5 50. Qxf6 Qxf6 51. Nxf6 Rxg3 52. Nxh5 Nxh5 53. d4 cxd4 54. cxd4 exd4 55. Rxd4 Rg8 56. Kh2 Nf6 57. e5 Nd5 58. f6 Re8 59. Nf3 Kg8 60. Rh4 c5 61. Rh5 Nf4 62. Rg5+ Ng6 63. h4 Bb7 64. Rf5 Bd5 65. h5 Nf8 66. Ng5 Bf7 67. Ne4 Ne6 68. Nd6 Rb8 69. h6 Kf8 70. Rf2 a4 71. Rg2 Rb6 72. Ne4 c4 73. b4 Rc6 74. Nc3 Rb6 75. Rd2 Ke8 76. Ne4 Bg6 77. Nd6+ Kf8 78. Rg2 Bf7 79. Ne4 Rc6 80. Rd2 Bg6 81. Nc3 Rc8 82. Rd5 1/2-1/2

[Event "IND-ch U20 Girls 50th"]
[Site "Gurugram"]
[Date "2022.03.12"]
[Round "8"]
[White "Divyabharathi, Masanam"]
[Black "Rindhiya, V."]
[Result "1/2-1/2"]
[WhiteElo "1711"]
[BlackElo "1949"]
[PlyCount "66"]
[EventDate "2022.03.09"]
[EventType "swiss"]
[EventRounds "9"]
[EventCountry "IND"]
[SourceTitle "EXT 2023"]
[Source "ChessBase"]
[SourceDate "2022.10.05"]
[SourceVersion "1"]
[SourceVersionDate "2022.10.05"]
[SourceQuality "1"]

1. e4 e5 2. Nf3 Nc6 3. Bc4 Bc5 4. c3 Nf6 5. d3 d6 6. 0-0 h6 7. h3 0-0 8. Bb3 a6 9. Nbd2 Ba7 10. Re1 Be6 11. Nf1 Ne7 12. Be3 Ng6 13. Ng3 Re8 14. Bxa7 Rxa7 15. d4 Ra8 16. Qc2 c6 17. Rad1 Qc7 18. Rd2 c5 19. Bxe6 Rxe6 20. dxe5 dxe5 21. Red1 c4 22. Kh2 Nf4 23. Ne1 b5 24. Nf5 Ng6 25. g3 Ne7 26. Nxe7+ Qxe7 27. Ng2 Qb7 28. Re2 Qc6 29. f3 Ra7 30. Ne3 Rd7 31. Nf5 Kh7 32. Red2 Rxd2+ 33. Qxd2 Qc5 1/2-1/2